000 00674nam a22001577a 4500
003 OSt
005 20151208094935.0
008 151208b xxu||||| |||| 00| 0 eng d
040 _cRUA
082 _aATM SAO 2000 B191 Or.1
100 _94505
_aSAO VIBOL; សៅ វិបុល.
245 _aFamilial water supply in rolear paear district, kampong chhang province, ការផ្គត់ផ្គង់ទឹកស្អាតជាលក្ខណៈគរួសារនៅក្នុងស្រុករលាប្អៀរ ខេត្តកំពង់ឆ្នំាង.
260 _aPhnom Penh
_bRUA
_c2000
300 _ax; 54p.
_bill.
_c29cm.
942 _2ddc
_cATM
999 _c4201
_d4201